Método de análisis y cálculo automatizado de muros esbeltos de mampostería con cargas pendientes a su plano

Salvato in:
Dettagli Bibliografici
Autore principale: Montoya Solórzano, Yanis
Natura: Libro
Pubblicazione: San José, C.R. 1999
Soggetti:
Tags: Aggiungi Tag
Nessun Tag, puoi essere il primo ad aggiungerne!!

MARC

LEADER 00000nam a2200000Ia 4500
003 008437
005 20221231144211.0
008 140114s1999 cr a m 000 ||s d
040 |c cru CEDI 
090 |a TFG 4096 
100 |a Montoya Solórzano, Yanis  |9 8337 
245 |a Método de análisis y cálculo automatizado de muros esbeltos de mampostería con cargas pendientes a su plano  
260 |c 1999  |a  San José, C.R. 
300 |a  xii, 127 hojas : ilustraciones. 
500 |a  Tesis (licenciatura en ingeniería civil)--Universidad de Costa Rica. Facultad de Ingeniería. Escuela de Ingeniería Civil 
650 |x MAMPOSTERIA   |x MUROS   |x ANALISIS ESTRUCTURAL (INGENIERIA)   |x EDIFICIOS - DISEÑO - PROGRAMAS PARA COMPUTADORA  |9 8338 
942 |c TFG 
999 |c 18347  |d 18347